| 000 | 00699cam a22002173a 4500 | ||
|---|---|---|---|
| 001 | 15091 | ||
| 003 | PGUSA | ||
| 005 | 20140828083326.0 | ||
| 008 | 050217s2005||||xxu|||||s|||||000 | eng d | ||
| 040 |
_aPGUSA _beng |
||
| 042 | _adc | ||
| 050 | 4 | _aNA | |
| 245 | 1 | 4 |
_aThe Brochure Series of Architectural Illustration, Volume 01, No. 02, February 1895. : _bByzantine-Romanesque Doorways in Southern Italy _h[electronic resource] / _cVarious |
| 260 |
_bProject Gutenberg, _c2005 |
||
| 506 | _aPublic domain in the USA. | ||
| 516 | _aElectronic text | ||
| 653 | _aArchitecture -- Periodicals | ||
| 830 | 0 |
_aProject Gutenberg _v15091 |
|
| 856 | 4 | 0 | _uhttp://www.gutenberg.org/ebooks/15091 |
| 942 | _cEB | ||
| 999 |
_c244346 _d244346 |
||